| 000 | 00636nam a2200193Ia 4500 | ||
|---|---|---|---|
| 008 | 151119s9999||||xx |||||||||||||| ||und|| | ||
| 082 | _a920.7 | ||
| 082 | _bGKKV31856 | ||
| 100 | _aआपराद आशा | ||
| 245 | _aभोगले जे दु:ख त्याला | ||
| 260 | _a--पुणे | ||
| 260 | _bमेहता पब्लीशिग हाउस | ||
| 260 | _c2010 | ||
| 600 | _aआपराद आशा | ||
| 630 | _aभोगले जे दु:ख त्याला | ||
| 700 | _aआपराद आशा | ||
| 730 | _aभोगले जे दु:ख त्याला | ||
| 942 | _cBOOK | ||
| 999 |
_c1084168 _d1084165 |
||